000 01135nam a2200289Ia 4500
003 OSt
005 20221005111520.0
006 a|||||r|||| 00| 0
007 ta
008 221004b |||||||| |||| 00| 0 hin d
020 _a817201628X (pbk)
_c75
024 _a92311
037 _b534, 19/03/2009, Vani Prakashan
_cTextual
040 _aCRL
_cCRL
_bhin
041 _2hin
_ahin
082 _aO111,3M57w, 152N4
100 _aसेनगुप्त, पद्यिनी
245 0 _aतरू दत्त
246 _aTarū datta
250 _aद्वितीय संस्करण
260 _aनई दिल्ली
_bसाहित्य अकादेमी भारत
_c1994
300 _a111पृ0
_ccm.
490 _aभारतीय साहित्य के निर्माता
700 _a नवलपुरी, युगजीत, अनु.
942 _hO111,3M57w, 152N4
_cTEXL
_2cc
999 _c1022071
_d1022071